000 00821nam a2200241Ia 4500
003 OSt
005 20221005112934.0
006 a|||||r|||| 00| 0
007 ta
008 221004b |||||||| |||| 00| 0 pan d
020 _c124
024 _a96297
037 _b72872, 31/12/2008, Arsee Publishers
_cTextual
040 _aCRL
_cCRL
_bpan
041 _2pan
_apan
082 _aO153,3jM95, M9
100 _aਰੰਧਾਵਾ, ਮਹਿੰਦਰ ਸਿੰਘ, ਥਦ।
_9166491
245 0 _aਗੁਰਬ॥ ਸਿੰਘ
260 _aਦਿੱਲੀ
_bਨਵਯੁਗ ਭਾਰਤ
_c1989
300 _a231ਪੰ
_ccm.
942 _hO153,3jM95, M9
_cTEXL
_2cc
999 _c1026495
_d1026495